| 000 | 01117nam a2200289 i 4500 | ||
|---|---|---|---|
| 001 | 125480 | ||
| 003 | ES-MaACL | ||
| 005 | 20230906192634.0 | ||
| 007 | t| | ||
| 008 | 070614s1999 sp |||| | spa d | ||
| 020 | _a84-8339-093-0 | ||
| 080 | _a39(=214.58) | ||
| 080 | _a94(=214.58) | ||
| 100 | 1 |
_aMayo, Francisco de Sales. _979392 |
|
| 245 | 1 | 3 |
_aEl gitanismo _b: historia, costumbres y dialecto de los gitanos / _cpor Francisco de Sales Mayo ; con un epítome de gramática gitana y un diccionario caló-castellano por Francisco Quindalé. |
| 260 |
_aValencia : _bLibrerías "París-Valencia", _c[1999] |
||
| 300 |
_a76 p. ; _c16 cm. |
||
| 534 |
_pReprod. facs de la ed. de: _cMadrid: Librería de Victoriano Suárez, 1870. |
||
| 650 | 4 |
_aGitanos- _xHistoria. _913122 |
|
| 650 | 1 | 4 |
_aDialecto caló- _xGramática. _9146519 |
| 650 | 4 |
_aDialecto caló- _vDiccionarios- _xEspañol. _9136354 |
|
| 655 | 7 |
_2tgfbne _9226495 _aFacsímiles |
|
| 700 | 1 |
_aQuindalé, Francisco. _994639 |
|
| 852 |
_aES-MaACL _jE-11680 _z. - Biblioteca Jacinto Martínez Lacalle |
||
| 942 | _2udc | ||
| 999 |
_c125480 _d125480 |
||